Từ Hịch Trương Định đến thơ văn khóc Trương Định /

Gespeichert in:
Bibliographische Detailangaben
1. Verfasser: Bảo Định Giang
Format: Artikel
Sprache:Vietnamese
Schlagworte:
Tags: Tag hinzufügen
Keine Tags, Fügen Sie den ersten Tag hinzu!
Thư viện lưu trữ: Thư viện Trường Đại học Đà Lạt
LEADER 00806nam a2200277 4500
001 DLU040027729
040 # # |a DLU  |b vie 
041 # # |a vie 
044 # # |a vn 
100 # # |a Bảo Định Giang 
245 # # |a Từ Hịch Trương Định đến thơ văn khóc Trương Định /  |c Bảo Định Giang 
600 # # |a Nguyễn Đình Chiểu 
600 # # |a Trương Định 
653 # # |a Nhân vật lịch sử 
773 # # |t Tạp chí Văn học  |g Số 5(351) Tháng 5 - 2001, tr. 14 - 19 
920 # # |a Phòng Tạp chí -- Trung tâm Thông tin - Thư viện Trường Đại học Đà Lạt 
933 # # |a LS 
933 # # |a NV 
994 # # |a DLU 
900 # # |a True 
911 # # |a Phan Thị Vân Anh 
925 # # |a G 
926 # # |a A 
927 # # |a BB 
980 # # |a Thư viện Trường Đại học Đà Lạt